An Assessment of internet usage on small and medium enterprises (SMEs) in Nakuru Town constituency / (Record no. 15416)
[ view plain ]
| 000 -LEADER | |
|---|---|
| fixed length control field | 00718cam a22002052 4500 |
| 001 - CONTROL NUMBER | |
| control field | 0000024999 |
| 005 - DATE AND TIME OF LATEST TRANSACTION | |
| control field | 20151217161558.0 |
| 008 - FIXED-LENGTH DATA ELEMENTS--GENERAL INFORMATION | |
| fixed length control field | 140410s xx 000 0 eng d |
| 040 ## - CATALOGING SOURCE | |
| Original cataloging agency | KABU |
| Transcribing agency | KABU |
| 100 1# - MAIN ENTRY--PERSONAL NAME | |
| Personal name | Kariuki, George James. |
| -- | 0000182790 |
| 245 13 - TITLE STATEMENT | |
| Title | An Assessment of internet usage on small and medium enterprises (SMEs) in Nakuru Town constituency / |
| Statement of responsibility, etc. | George James Kariuki. |
| 250 ## - EDITION STATEMENT | |
| Edition statement | 1st ed. |
| 260 ## - PUBLICATION, DISTRIBUTION, ETC. (IMPRINT) | |
| Place of publication, distribution, etc. | Nakuru : |
| Name of publisher, distributor, etc. | Kabarak University, |
| Date of publication, distribution, etc. | 2012. |
| 300 ## - PHYSICAL DESCRIPTION | |
| Extent | x, 67 leaves. |
| 502 ## - DISSERTATION NOTE | |
| Dissertation note | Thesis (MBA) - Kabarak University, 2012. |
| 650 #0 - SUBJECT ADDED ENTRY--TOPICAL TERM | |
| Topical term or geographic name as entry element | Small business enterprises |
| General subdivision | Management. |
| -- | 0000182791 |
| 908 ## - PUT COMMAND PARAMETER (RLIN) | |
| Put command parameter | 140410 |
| 950 ## - LOCAL HOLDINGS (RLIN) | |
| -- | 1 |
| Withdrawn status | Lost status | Source of classification or shelving scheme | Not for loan | Home library | Current library | Date acquired | Total Checkouts | Total Renewals | Full call number | Barcode | Date last seen | Date last checked out | Price effective from | Koha item type |
|---|---|---|---|---|---|---|---|---|---|---|---|---|---|---|
| Library of Congress Classification | Kabarak, Main Campus | Kabarak, Main Campus | 17/12/2015 | 3 | 1 | HD62.7 .K37 2012 c. 1 | 016504 | 27/09/2016 | 27/09/2016 | 17/12/2015 | Thesis, Dissertation and Projecs |